000
nam a22 7a 4500
999
_c
50555
_d
50555
003
OSt
005
20210316095042.0
008
210316b xxu||||| |||| 00| 0 eng d
040
_c
IIMT UNIVERSITY MEERUT
100
_a
BERI
245
_a
MARKET RESEARCH
260
_a
NEW DELHI
_b
TATA MC GRAW HILL
_c
2004
300
_a
474
942
_2
ddc
_c
02